Quarters of Essen (Ruhr) - with a map - Statistics

General Stats
  • This quiz has been taken 37 times
  • The average score is 18 of 50
Answers on the Map
Answers color-coded by a green-red scale on the quiz's map according to % correct below.
 
Answer Stats
Stadtteil % Correct
Altenessen-Nord
76%
Altenessen-Süd
76%
Kettwig
69%
Borbeck-Mitte
62%
Steele
62%
Werden
55%
Frohnhausen
52%
Bergeborbeck
48%
Kray
48%
Überruhr-Hinsel
45%
Überruhr-Holthausen
45%
Holsterhausen
41%
Nordviertel
41%
Ostviertel
41%
Südviertel
41%
Westviertel
41%
Altendorf
38%
Bredeney
38%
Dellwig
38%
Kupferdreh
38%
Stadtwald
38%
Burgaltendorf
34%
Fischlaken
34%
Horst
34%
Huttrop
34%
Karnap
34%
Rüttenscheid
34%
Vogelheim
34%
Haarzopf
31%
Katernberg
31%
Leithe
31%
Schönebeck
31%
Schonnebeck
31%
Südostviertel
31%
Bergerhausen
28%
Byfang
28%
Heisingen
28%
Rellinghausen
28%
Schuir
28%
Frillendorf
24%
Frintrop
24%
Margarethenhöhe
24%
Stadtkern
24%
Bochold
21%
Freisenbruch
21%
Fulerum
21%
Heidhausen
21%
Stoppenberg
21%
Gerschede
17%
Bedingrade
14%
No matching quizzes found
Score Distribution
Percent of People with Each Score
Percentile by Number Answered
Your Score History
You have not taken this quiz